000 00475nam a2200169Ia 4500
008 210716s2004 xx 000 0 und d
020 _a8178813343
041 _aeng
082 _a657.3 MRUE
100 _aMrudula, E; Kashyap, V R P.
245 _aFinancial reporting: emerging trends.
_bEmerging trends.
250 _a1
260 _aHyderabad
_bICFAI University Press
_c2004
300 _aviii,198
650 _aAccounting(657)
700 _aMrudula, E; Kashyap, V R P.
999 _c202342
_d202342